Gothama buddhar-Vaazhvum Vaakum = The life and message of Goudhama Buddha (Tamil)

Bibliographic Details
Main Author: Aacharya, P. S.
Format: Book
Published: Chennai : T. S. Raamalingam , 2013
Subjects:

MARC

LEADER 00000cam a2200000 7i4500
001 0000058365
005 20160108.0
008 160108
024 1 0 |a 1002381 
090 0 0 |a 294.3   |b ACH 
100 1 |a Aacharya, P. S. 
245 0 0 |a Gothama buddhar-Vaazhvum Vaakum = The life and message of Goudhama Buddha (Tamil)   |c P. S. Aacharya 
260 |a Chennai :   |b T. S. Raamalingam ,   |c 2013 
300 |a 152 p. ;   |c 18 cm. 
650 0 |a Religion   |x Buddhism 
999 |a 0001386637   |b Book   |c Tamil Collection   |e Perbadanan Perpustakaan Awam Johor